Social Policy and the theory of the state (Registro nro. 25350)

Detalles MARC
000 -CABECERA
campo de control de longitud fija 00457nab a2200181 a 4500
001 - NÚMERO DE CONTROL
campo de control 25350
003 - IDENTIFICADOR DEL NÚMERO DE CONTROL
campo de control 85313
005 - FECHA Y HORA DE LA ÚLTIMA TRANSACCIÓN
campo de control 20201118100454.0
008 - DATOS DE LONGITUD FIJA--INFORMACIÓN GENERAL
campo de control de longitud fija ||||||n9999 ||| || ||
100 ## - ENTRADA PRINCIPAL--NOMBRE DE PERSONA
Nombre de persona Offe, Claus
245 #0 - MENCIÓN DE TÍTULO
Título Social Policy and the theory of the state
300 ## - DESCRIPCIÓN FÍSICA
Extensión v. 1, pp. 115-131
562 ## - NOTA DE IDENTIFICACIÓN DE LA COPIA Y VERSIÓN
Número de copias 0
650 ## - PUNTO DE ACCESO ADICIONAL DE MATERIA--TÉRMINO DE MATERIA
Término de materia o nombre geográfico como elemento de entrada POLÍTICA SOCIAL
650 ## - PUNTO DE ACCESO ADICIONAL DE MATERIA--TÉRMINO DE MATERIA
Término de materia o nombre geográfico como elemento de entrada TEORÍA DEL ESTADO
773 ## - ENLACE AL DOCUMENTO FUENTE/ENTRADA DE REGISTRO ANFITRIÓN
Número bibliográfico anfitrión 25347
Encabezamiento principal Teoria de las politicas publicas
942 ## - ELEMENTOS DE PUNTO DE ACCESO ADICIONAL (KOHA)
Tipo de ítem Koha Analítica Documento

No hay ítems disponibles.